| 000 | 00313 a2200133 4500 | ||
|---|---|---|---|
| 003 | Nust | ||
| 005 | 20170207154038.0 | ||
| 040 | _cNust | ||
| 100 | _aErnest Hall | ||
| 245 |
_aAdvances in Robot Manipulators (E-Book) _cErnest Hall |
||
| 260 |
_aIndia _bIn-Tech intechweb.org _c2010 |
||
| 300 | _ax,678.p | ||
| 651 | _aE-Book | ||
| 942 |
_2ddc _cBK |
||
| 999 |
_c192453 _d192453 |
||